|
|
|
|
| LEADER |
00000nam0a2200000 4500 |
| 001 |
20063 |
| 005 |
20231030191931.0 |
| 035 |
|
|
|a (RuTPU)RU\TPU\book\20240
|
| 035 |
|
|
|a BOOK00020310
|
| 090 |
|
|
|a 20063
|
| 100 |
|
|
|a 20011209d1974 km y0rusy50 ca
|
| 101 |
0 |
|
|a rus
|
| 102 |
|
|
|a RU
|
| 105 |
|
|
|a y z 000zb
|
| 200 |
1 |
|
|a Гассенди
|f Б. Э. Быховский
|
| 210 |
|
|
|a Москва
|c Мысль
|d 1974
|
| 215 |
|
|
|a 203 с.
|
| 225 |
1 |
|
|a Мыслители прошлого
|
| 600 |
|
1 |
|a Гассенди
|g Пьер
|b П.
|f 1592-1655
|c французский философ
|c математик
|c астроном
|2 stltpui
|3 (RuTPU)RU\TPU\pers\1442
|
| 610 |
1 |
|
|a философия
|
| 610 |
1 |
|
|a французская философия
|
| 610 |
1 |
|
|a 17 век
|
| 610 |
1 |
|
|a материализм
|
| 686 |
|
|
|a Ю3(4Фр)
|v LBC/SL-A
|2 rubbk
|
| 700 |
|
1 |
|a Быховский
|b Б. Э.
|g Бернард Эммануилович
|
| 801 |
|
0 |
|a RU
|b 63413507
|c 20011209
|g PSBO
|
| 801 |
|
2 |
|a RU
|b 63413507
|c 20110923
|g PSBO
|
| 942 |
|
|
|c BK
|